| 000 | 00708nam a22002177a 4500 | ||
|---|---|---|---|
| 003 | OSt | ||
| 005 | 20240223091940.0 | ||
| 008 | 170321t xxu||||| |||| 00| 0 eng d | ||
| 020 | _a9781844005086 | ||
| 040 | _c0 | ||
| 082 |
_a729 _bWIL |
||
| 100 | 1 |
_aWilhide, Elizabeth _9121153 |
|
| 245 | 1 | 0 |
_aSurface & finish : _ba directory of materials for interiors _cEliizabeth wilhide |
| 260 |
_aLondon: _bQuadrille publishing; _c2007. |
||
| 300 |
_a256 p.: _bill; _c28 cm. |
||
| 650 |
_aBuilding materials _98831 |
||
| 650 |
_aInterior decoration _98832 |
||
| 650 |
_aFinishes and finishing _9121154 |
||
| 942 |
_2ddc _cREF |
||
| 999 |
_c608049 _d608049 |
||